| 000 | 01095nam a22003377a 4500 | ||
|---|---|---|---|
| 003 | CHAP | ||
| 005 | 20220329143318.0 | ||
| 008 | 080519d200678 us r 00110 eng d | ||
| 010 | _a94816 | ||
| 011 | _a95788 | ||
| 020 | _a978716772668 | ||
| 035 | _a106419 | ||
| 040 | _cCHAP | ||
| 082 | 0 | 4 |
_a547 _bZ84 |
| 100 | 1 |
_aZweifel, George S. _9124319 |
|
| 245 | 1 | 0 |
_aModern organic synthesis : _ban introduction _c/by George S. Zweifel and Michael H. Nantz |
| 260 |
_aNew York : _bW.H. Freeman and Company, _c2006 |
||
| 300 | _ax, 477 p. | ||
| 590 |
_aBATCH-UPD _b10 _c20130110 _lUCH01 _h2045 |
||
| 590 |
_aBATCH-UPD _b10 _c20130410 _lUCH01 _h0029 |
||
| 590 |
_aBATCH-UPD _b10 _c20130410 _lUCH01 _h1617 |
||
| 590 |
_aBATCH-UPD _b10 _c20130914 _lUCH01 _h0645 |
||
| 590 |
_aCONVERSION _b10 _c20130109 _lUCH01 _h1352 |
||
| 650 | 1 | 4 |
_aBioquímica. _912849 |
| 650 | 1 | 4 |
_aProductos sintéticos. _992225 |
| 650 | 1 | 4 |
_aQuímica orgánica. _993598 |
| 700 | 1 |
_aNantz, Michael H. _980120 |
|
| 901 | _aBK | ||
| 942 | _cLIBRO | ||
| 949 |
_a547 Z84 _bBC _cLIBRO _d33724002040876 _eLIBRO _gI.c/e _h109414 _i106419 _sb _t$764.74 |
||
| 999 |
_c94816 _d94816 |
||